[Event "1/32 Finale"]
[Site "www.chess-mail.com"]
[Date "2017.12.24"]
[Round "1"]
[White "Szustan"]
[Black "Mitja"]
[WhiteElo "2550"]
[BlackElo "2050"]
[Result "1-0"]
[Round "1"]
1.e4 d5
2.exd5 Qd8xd5
3.Nb1c3 Qd5d8
4.d4 e6
5.Ng1f3 h6
6.Bf1d3 Ng8f6
7.O-O b6
8.Nc3e4 Bc8b7
9.Ne4xf6 Qd8xf6
10.Nf3e5 Bf8e7
11.Bc1e3 Be7d6
12.f4 Bd6xe5
13.fxe5 Qf6e7
14.Qd1g4 g5
15.Qg4h5 Qe7f8
16.Rf1xf7 { resign }
1-0

[Event "Tourn. n9446"]
[Site "www.chess-mail.com"]
[Date "2017.12.25"]
[Round "1"]
[White "Gvladutz"]
[Black "Senitram"]
[WhiteElo "2329"]
[BlackElo "2630"]
[Result "0-1"]
[Round "1"]
1.Ng1f3 Ng8f6
2.c4 c5
3.Nb1c3 g6
4.e4 Bf8g7
5.d4 Qd8a5
6.Bc1d2 cxd4
7.Nf3xd4 Nb8c6
8.Nd4f3 d6
9.Bf1e2 O-O
10.O-O Bc8g4
11.Nc3d5 Qa5d8
12.Nd5xf6 Bg7xf6
13.Ra1b1 Qd8b6
14.b3 Bg4xf3
15.Be2xf3 a5
16.Bd2e3 Qb6b4
17.Rf1e1 a4
18.Bf3e2 Rf8c8
19.Be2f1 Nc6d8
20.Qd1e2 axb3
21.Rb1xb3 Qb4a4
22.Qe2d3 Qa4xa2
23.Re1c1 Nd8e6
24.Rb3xb7 Ne6c5
25.Be3xc5 Rc8xc5
26.Rc1b1 Kg7
27.Qd3d1 Rc5e5
28.Bf1d3 Re5a5
29.Qd1e1 Ra5a7
30.Rb7b5 Bf6d4
31.Rb1c1 Qa2a6
32.Qe1d1 Qa6c6
33.Bd3b1 e5
34.Qd1e2 Ra7c7
35.Rb5b4 Ra8a1
36.Qe2d2 Qc6c5
37.Rb4b3 Rc7c6
38.Qd2c2 Rc6b6
39.Rc1f1 Rb6xb3
40.Qc2xb3 Ra1a3
41.Qb3b5 Qc5c8
42.Qb5b4 Ra3c3
43.Kh1 Qc8c5
44.Qb4xc5 dxc5
45.g3 Rc3xc4
46.Kg2 Rc4c3
47.Rf1d1 c4
48.h4 Kf6
49.Kf1 Ke6
50.Rd1e1 Rc3f3
51.Re1e2 Kd6
52.Kg2 Rf3b3
53.Bb1c2 Rb3a3
54.Bc2b1 Ra3a1
55.Bb1c2 Kc5
56.Kf3 h5
57.g4 Ra1a3
58.Kg2 hxg4
59.Bc2d1 Kb4
60.Re2e1 c3
61.Re1e2 Ra3a1
62.Bd1c2 Kc4
63.Kg3 Ra1g1
64.Kh2 Rg1c1
65.Kg3 Rc1xc2
66.Re2xc2 Kd3
67.Rc2c1 c2
68.Rc1e1 Bd4b2
69.Kxg4 c1Q
70.Re1xc1 Bb2xc1
71.f3 Bc1f4
72.Kh3 Ke3
73.Kg2 Ke2
74.h5 gxh5
{ resign }
0-1

[Event "Tourn. n9575"]
[Site "www.chess-mail.com"]
[Date "2017.12.25"]
[Round "1"]
[White "Falcoale"]
[Black "Ffdd65"]
[WhiteElo "2030"]
[BlackElo "2170"]
[Result "1/2-1/2"]
[Round "1"]
1.e4 e5
2.Ng1f3 d6
3.Bf1c4 h6
4.d3 Ng8f6
5.O-O Bc8d7
6.a3 b5
7.Bc4a2 Bf8e7
8.Nb1c3 O-O
9.Nc3d5 Nf6xd5
10.Ba2xd5 Bd7c6
11.Bd5a2 Bc6d7
12.h3 Nb8a6
13.Nf3h2 Qd8c8
14.f4 Bd7e6
15.f5 Be6xa2
16.Ra1xa2 Qc8d8
17.Nh2g4 Be7g5
18.f6 g6
19.Ng4xh6 Bg5xh6
20.Bc1xh6 Rf8e8
21.Qd1g4 Na6c5
22.h4 Kh7
23.Bh6g5 Nc5e6
24.Kf2 Re8h8
25.c3 Kg8
26.Rf1h1 Rh8h5
27.Ra2a1 Kh7
28.Ke3 Qd8h8
29.g3 Kg8
30.Qg4f3 Kf8
31.g4 Rh5h7
32.Ke2 Ne6xg5
33.hxg5 c5
34.Rh1xh7 Qh8xh7
35.Ra1h1 Qh7g8
36.Qf3h3 Ke8
37.Qh3h8 Kd7
38.Qh8g7 Qg8f8
39.Rh1h7 Ke6
40.Ke3 Qf8xg7
41.Rh7xg7 Ra8h8
42.Kf3 Rh8h3
43.Kg2 Rh3xd3
44.Rg7g8 Rd3d2
45.Kf3 Rd2h2
46.Rg8e8 Kd7
47.Re8e7 Kd8
48.Re7xf7 Ke8
49.Rf7xa7 Rh2xb2
50.Ra7a8 Kf7
51.Ra8a7 Kf8
52.Ra7b7 Rb2b3
{ draw }
1/2-1/2

[Event "Tourn. n9620"]
[Site "www.chess-mail.com"]
[Date "2017.12.25"]
[Round "1"]
[White "Sachpat"]
[Black "Numanoid"]
[WhiteElo "2780"]
[BlackElo "2380"]
[Result "1-0"]
[Round "1"]
1.e4 Nb8c6
2.d4 d5
3.e5 Bc8f5
4.c3 Qd8d7
5.Nb1d2 e6
6.f4 h5
7.Ng1f3 h4
8.Bf1e2 O-O-O
9.b4 h3
10.g3 Nc6e7
11.O-O Bf5g4
12.Nd2b3 Ne7f5
13.Nf3e1 Bg4xe2
14.Qd1xe2 f6
15.Ne1d3 Ng8h6
16.a4 Nh6f7
17.Nd3c5 Bf8xc5
18.Nb3xc5 Qd7e8
19.Qe2b5 Qe8xb5
20.axb5 Kb8
21.Nc5xe6 Rd8g8
22.Rf1f2 Nf5e7
23.Rf2a2 Ne7c8
24.f5 Rh8h5
25.b6 { resign }
1-0

[Event "Tourn. n9614"]
[Site "www.chess-mail.com"]
[Date "2017.12.25"]
[Round "1"]
[White "Orhany24"]
[Black "Johnmcbride"]
[WhiteElo "2130"]
[BlackElo "2040"]
[Result "1-0"]
[Round "1"]
1.e4 e5
2.Ng1f3 Nb8c6
3.Bf1c4 Ng8f6
4.O-O Nf6xe4
5.Rf1e1 d5
6.Bc4b5 Bf8d6
7.d3 Ne4c5
8.Nf3xe5 Bd6xe5
9.Re1xe5 Bc8e6
10.d4 Nc5d7
11.Re5e1 O-O
12.a3 a6
13.Bb5d3 h6
14.c3 g5
15.Nb1d2 b5
16.h3 Ra8c8
17.Nd2f3 Qd8f6
18.Bc1e3 Be6f5
19.Qd1d2 Bf5xd3
20.Qd2xd3 Qf6g6
21.Qd3xg6 fxg6
22.Re1e2 Nc6a5
23.Ra1e1 c5
24.dxc5 Na5c4
25.Be3d4 Nd7xc5
26.Re2e7 Rf8d8
27.Re7g7 Kh8
28.Re1e7 Rc8c6
29.Rg7h7 Kg8
30.Re7g7 Kf8
31.Rh7h8 
1-0

[Event "Tourn. n9634"]
[Site "www.chess-mail.com"]
[Date "2017.12.25"]
[Round "1"]
[White "Osopanda"]
[Black "Libiesse"]
[WhiteElo "1800"]
[BlackElo "1850"]
[Result "1-0"]
[Round "1"]
1.e4 c5
2.Ng1f3 e6
3.c3 d5
4.e5 Nb8c6
5.d4 cxd4
6.cxd4 Bf8b4
7.Nb1c3 Ng8e7
8.Bf1b5 O-O
9.O-O a6
10.Bb5d3 Bb4xc3
11.bxc3 b5
12.a4 Qd8a5
13.Bc1b2 f6
14.axb5 Qa5b6
15.Bb2a3 { resign }
1-0

[Event "Tourn. n9672"]
[Site "www.chess-mail.com"]
[Date "2017.12.25"]
[Round "1"]
[White "Apdash"]
[Black "Bojan"]
[WhiteElo "2310"]
[BlackElo "2060"]
[Result "1-0"]
[Round "1"]
1.e4 e5
2.Bf1c4 Nb8c6
3.Ng1f3 f6
4.d4 exd4
5.Nf3xd4 g6
6.O-O Nc6e5
7.Bc4xg8 Rh8xg8
8.f4 Ne5f7
9.Qd1e2 c5
10.Nd4f3 d6
11.e5 dxe5
12.fxe5 fxe5
13.Rf1e1 Bf8d6
14.Bc1f4 Kd7
15.Nf3xe5 Nf7xe5
16.Bf4xe5 Rg8e8
17.Qe2b5 Kc7
18.Qb5xc5 { resign }
1-0

[Event "Tourn. n9650"]
[Site "www.chess-mail.com"]
[Date "2017.12.25"]
[Round "1"]
[White "Mcjhz"]
[Black "Pangloss"]
[WhiteElo "1809"]
[BlackElo "1809"]
[Result "0-1"]
[Round "1"]
1.d4 Ng8f6
2.Nb1c3 d5
3.Bc1f4 c6
4.e3 Bc8f5
5.h3 e6
6.g4 Bf5g6
7.Ng1f3 h5
8.g5 Nf6e4
9.Nf3e5 Bf8b4
10.Ne5xg6 fxg6
11.Qd1d3 c5
12.f3 c4
13.Qd3e2 Ne4xc3
14.Qe2d2 Qd8a5
15.a3 Nb8c6
16.Qd2h2 Nc3e4
17.Ke2 Qa5a4
18.fxe4 Qa4xc2
19.Kf3 Qc2xe4
20.Kg3 h4
21.Kf2 Nc6xd4
 { time }
0-1

[Event "Tourn. n9664"]
[Site "www.chess-mail.com"]
[Date "2017.12.25"]
[Round "1"]
[White "Fantomas"]
[Black "Francesco"]
[WhiteElo "2210"]
[BlackElo "2140"]
[Result "1/2-1/2"]
[Round "1"]
1.e4 c6
2.Ng1f3 d5
3.exd5 cxd5
4.d4 Bc8g4
5.Bf1e2 e6
6.O-O Ng8f6
7.Rf1e1 Bf8d6
8.h3 Bg4h5
9.c3 O-O
10.Bc1g5 Nb8d7
11.Nf3e5 Bh5xe2
12.Re1xe2 Qd8c7
13.Ne5xd7 Nf6xd7
14.Nb1d2 h6
15.Bg5e3 Nd7f6
16.Nd2f1 Ra8c8
17.Qd1d3 Nf6e4
18.f3 Ne4g3
19.Nf1xg3 Bd6xg3
20.Be3f2 Bg3xf2
21.Re2xf2 Qc7c4
{ draw }
1/2-1/2

[Event "Tourn. n9645"]
[Site "www.chess-mail.com"]
[Date "2017.12.25"]
[Round "1"]
[White "Pangloss"]
[Black "Mcjhz"]
[WhiteElo "1809"]
[BlackElo "1809"]
[Result "1-0"]
[Round "1"]
1.d4 Ng8f6
2.c4 c5
3.d5 e6
4.Nb1c3 g6
5.e4 d6
6.f4 e5
7.fxe5 dxe5
8.Ng1f3 Bf8d6
9.Bc1h6 Nf6g4
10.Bh6d2 Bc8d7
11.Bf1e2 Ng4f6
12.O-O a6
13.Bd2h6 Rh8g8
14.Nf3g5 Qd8e7
15.Rf1f3 Qe7d8
16.Qd1f1 Nf6g4
17.Ng5xf7 Qd8h4
18.Nf7xd6 Kd8
19.Bh6g5 Qh4xg5
20.Nd6f7 Kc7
21.Nf7xg5 Ng4h6
22.Ng5e6 Bd7xe6
23.dxe6 Nb8c6
24.Nc3d5  { time }
1-0

[Event "Match"]
[Site "www.echecsemail.com"]
[Date "2017.12.25"]
[Round "1"]
[White "Mcjhz"]
[Black "Bojan"]
[WhiteElo "1809"]
[BlackElo "2030"]
[Result "0-1"]
[Round "1"]
1.e4 e5
2.Ng1f3 d6
3.c4 b6
4.Nb1c3 Bc8b7
5.b4 c5
6.b5 Ng8f6
7.d3 h6
8.g3 Bf8e7
9.Bc1b2 Bb7c8
10.h3 a6
 { time }
0-1

[Event "Match"]
[Site "www.echecsemail.com"]
[Date "2017.12.25"]
[Round "1"]
[White "Ditto"]
[Black "Apdash"]
[WhiteElo "1880"]
[BlackElo "2260"]
[Result "0-1"]
[Round "1"]
1.e4 e6
2.d4 c5
3.Ng1f3 cxd4
4.Qd1xd4 Nb8c6
5.Qd4d1 Ng8f6
6.c3 d5
7.e5 Nf6g4
8.Bf1b5 Qd8b6
9.Qd1e2 Bf8c5
10.O-O h5
11.Nf3g5 Bc8d7
12.a4 Ng4xe5
13.Nb1d2 a6
14.Bb5xc6 Ne5xc6
 { time }
0-1

[Event "Match"]
[Site "www.echecsemail.com"]
[Date "2017.12.25"]
[Round "1"]
[White "Comrade"]
[Black "Gidi5"]
[WhiteElo "2330"]
[BlackElo "2330"]
[Result "1-0"]
[Round "1"]
1.c4 Ng8f6
2.Nb1c3 e6
3.d4 Bf8b4
4.e3 O-O
5.Ng1e2 b6
6.a3 Bb4e7
7.Ne2f4 Bc8b7
8.b4 c5
9.bxc5 bxc5
10.d5 e5
11.Nf4d3 d6
12.Ra1b1 Bb7a6
13.Nd3b2 Qd8a5
14.Bc1d2 Qa5xa3
15.Nc3a4 Nf6e4
16.Rb1a1 { resign }
1-0

[Event "Match"]
[Site "www.echecsemail.com"]
[Date "2017.12.25"]
[Round "1"]
[White "Gambitmiau"]
[Black "Whitekknight"]
[WhiteElo "1980"]
[BlackElo "1950"]
[Result "1-0"]
[Round "1"]
1.e4 e5
2.d4 exd4
3.c3 dxc3
4.Bf1c4 Bf8e7
5.Nb1xc3 Nb8c6
6.Qd1f3 Nc6e5
7.Qf3e2 Ne5xc4
8.Qe2xc4 c6
9.Ng1f3 d6
10.O-O Bc8e6
11.Qc4d3 Ng8f6
12.Bc1g5 h6
13.Bg5xf6 Be7xf6
14.Ra1d1 Bf6e7
15.e5 d5
16.Nf3d4 Be6d7
17.Rf1e1 Be7c5
18.e6 Bc5xd4
19.exd7 Kxd7
20.Qd3f5 Kc7
21.Qf5xf7 Kb6
22.Rd1xd4 a5
23.Re1e3 Qd8f6
24.Nc3a4 Ka7
25.Qf7xf6 gxf6
26.h4 Rh8f8
27.Na4c5 Ra8e8
28.Re3b3 Re8e7
29.Rb3a3 b6
30.Rd4b4 Kb8
31.Rb4xb6 Kc8
32.Ra3xa5 Kc7
33.Rb6b7 Kd6
34.b4 Re7xb7
35.Nc5xb7 Kc7
36.Nb7c5 Rf8e8
37.b5 cxb5
38.Nc5d3 Kb6
39.Ra5a3 Re8e4
40.g3 h5
41.Nd3f4 Re4e5
42.Ra3d3 Kc5
43.Rd3b3 d4
44.Nf4d3 { resign }
1-0

[Event "Match"]
[Site "www.echecsemail.com"]
[Date "2017.12.25"]
[Round "1"]
[White "Darknight"]
[Black "Paco"]
[WhiteElo "1800"]
[BlackElo "2030"]
[Result "0-1"]
[Round "1"]
1.e4 e5
2.Bf1c4 Bf8c5
3.Qd1f3 Ng8h6
4.d3 O-O
5.Qf3g3 Qd8f6
6.Bc1g5 Qf6g6
7.Qg3xe5 Bc5xf2
8.Kxf2 Nh6g4
9.Ke1 Ng4xe5
10.Bg5e3 Qg6xg2
11.Nb1d2 Qg2xh1
12.Ke2 Qh1xh2
13.Be3f2 Nb8c6
14.c3 d6
15.d4 Ne5xc4
16.Nd2xc4 Bc8g4
17.Ng1f3 Rf8e8
18.e5 dxe5
19.Ra1g1 exd4
20.Nc4e3 Re8xe3
21.Kf1 Re3xf3
22.Rg1g2 Bg4h3
{ resign }
0-1

[Event "Tourn. n9646"]
[Site "www.chess-mail.com"]
[Date "2017.12.26"]
[Round "1"]
[White "Francesco"]
[Black "Vios"]
[WhiteElo "2160"]
[BlackElo "2250"]
[Result "0-1"]
[Round "1"]
1.e4 c6
2.d4 d5
3.e5 c5
4.dxc5 e6
5.c4 Bf8xc5
6.cxd5 exd5
7.Nb1c3 Ng8e7
8.Ng1f3 Bc8g4
9.Bf1b5 Nb8c6
10.O-O O-O
11.Qd1d3 Ne7g6
12.Bc1g5 Ng6xe5
13.Bg5xd8 Ne5xd3
14.Bb5xd3 Rf8xd8
15.Nf3d2 Nc6e5
16.Bd3c2 d4
17.Nc3e4 d3
18.Bc2xd3 Ne5xd3
{ resign }
0-1

[Event "Tourn. n9496"]
[Site "www.chess-mail.com"]
[Date "2017.12.26"]
[Round "1"]
[White "Kermet"]
[Black "Seger"]
[WhiteElo "2420"]
[BlackElo "2690"]
[Result "1/2-1/2"]
[Round "1"]
1.c4 c5
2.Nb1c3 Nb8c6
3.g3 g6
4.Bf1g2 Bf8g7
5.Ng1f3 e5
6.d3 d6
7.O-O Ng8e7
8.Nf3e1 O-O
9.Ne1c2 Bc8e6
10.Nc2e3 a6
11.Ne3d5 Ra8b8
12.a4 a5
13.Bc1g5 f6
14.Bg5d2 Nc6b4
15.Qd1c1 Ne7xd5
16.Nc3xd5 f5
17.Nd5xb4 axb4
18.Ra1b1 Qd8d7
19.b3 Rf8f7
20.e3 Rb8d8
21.e4 f4
22.f3 Rd8f8
23.g4 Bg7f6
24.Kf2 h5
25.h3 Rf7h7
26.Rf1h1 Kf7
27.Ke2 Rf8a8
28.Rb1a1 Bf6h4
29.Bd2e1 Bh4xe1
30.Qc1xe1 b6
31.Qe1f2 Ke7
32.Qf2h4 Kf7
33.Qh4f2 Ke8
34.Kd2 Qd7e7
35.Kc2 Rh7h8
36.Kb2 g5
37.Kc2 Kd8
38.Kb2 Kc7
39.Kc2 Be6d7
40.Kb2 Bd7c6
41.Kc2 h4
42.Kb2 Ra8a7
43.Ra1a2 Qe7g7
44.Rh1a1 Rh8a8
45.Kb1 Kd8
46.Qf2e2 Ra7a6
47.Qe2f2 Qg7a7
48.Qf2e2 Kc7
49.Qe2f2 Kd7
50.Qf2e2 Qa7b7
51.Qe2f2 Ra6a5
52.Qf2e2 Ra8e8
53.Qe2f2 { draw }
1/2-1/2

[Event "Tourn. n9530"]
[Site "www.chess-mail.com"]
[Date "2017.12.26"]
[Round "1"]
[White "Pachi"]
[Black "Julian"]
[WhiteElo "1620"]
[BlackElo "1570"]
[Result "0-1"]
[Round "1"]
1.e4 d6
2.h3 Ng8f6
3.d3 e5
4.Bc1g5 Bf8e7
5.Bg5xf6 Be7xf6
6.Ng1f3 O-O
7.g4 Bc8e6
8.Bf1g2 Nb8d7
9.c3 g6
10.d4 c6
11.O-O Bf6g7
12.dxe5 Nd7xe5
13.Nb1a3 Qd8c7
14.Nf3d4 Be6d7
15.f4 Ne5xg4
16.hxg4 Ra8e8
17.f5 c5
18.Nd4e2 Bd7c6
19.Ne2g3 Bg7e5
20.Ng3e2 d5
21.exd5 Be5h2
22.Kh1 Bc6b5
23.Na3xb5 Qc7e5
24.Rf1f2 Qe5e3
25.Qd1f1 Bh2b8
26.d6 a6
27.Nb5c7 Bb8xc7
28.dxc7 Qe3h6
29.Kg1 Re8e3
30.Bg2xb7 Rf8e8
31.Qf1g2 gxf5
32.gxf5 Kh8
33.c8Q Re8xc8
34.Bb7xc8 Re3e8
35.Bc8b7 Re8g8
36.Ne2g3 Qh6e3
37.Bb7f3 Qe3f4
38.b4 cxb4
39.cxb4 Rg8xg3
40.Ra1c1 Rg3xg2
41.Kxg2 Qf4xc1
42.Bf3b7 Qc1c4
43.a3 Kg7
44.Kg3 Qc4c7
45.Kg4 Qc7xb7
46.f6 Kg6
47.Rf2f5 Qb7d7
48.b5 axb5
49.Kf4 Qd7xf5
50.Ke3 h5
51.Kd4 h4
52.Kc3 Qf5e4
{ resign }
0-1

[Event "Tourn. n9675"]
[Site "www.chess-mail.com"]
[Date "2017.12.26"]
[Round "1"]
[White "Falcoale"]
[Black "Caspito"]
[WhiteElo "1940"]
[BlackElo "1900"]
[Result "0-1"]
[Round "1"]
1.e4 e5
2.Ng1f3 Nb8c6
3.Bf1c4 Nc6d4
4.Nf3xe5 Qd8g5
5.Ne5xf7 Qg5xg2
6.Rh1f1 Qg2xe4
7.Bc4e2 Nd4xc2
8.Qd1xc2 Qe4xc2
9.Nf7xh8 Qc2xc1
10.Be2d1 Qc1xb2
{ resign }
0-1

[Event "Tourn. n9624"]
[Site "www.chess-mail.com"]
[Date "2017.12.26"]
[Round "1"]
[White "Coolant"]
[Black "Szustan"]
[WhiteElo "2350"]
[BlackElo "2510"]
[Result "0-1"]
[Round "1"]
1.d4 d5
2.Ng1f3 Ng8f6
3.Bc1f4 e6
4.e3 c5
5.c3 Nb8c6
6.Bf1d3 Bf8e7
7.Nb1d2 O-O
8.Qd1c2 c4
9.Bd3e2 b5
10.a3 Bc8b7
11.O-O a5
12.e4 h6
13.Nf3e5 Nc6xe5
14.dxe5 Nf6xe4
15.Nd2xe4 dxe4
16.a4 Qd8b6
17.axb5 Qb6xb5
18.Qc2a4 Qb5xb2
19.Be2xc4 Qb2xc3
20.Qa4d7 Be7c5
21.Rf1c1 Qc3d4
22.Bc4xe6 Qd4xf2
23.Kh1 Qf2xf4
{ resign }
0-1

[Event "Tourn. n9648"]
[Site "www.chess-mail.com"]
[Date "2017.12.26"]
[Round "1"]
[White "Vios"]
[Black "Numanoid"]
[WhiteElo "2320"]
[BlackElo "2420"]
[Result "1/2-1/2"]
[Round "1"]
1.e4 Nb8c6
2.d4 d5
3.e5 Bc8f5
4.Bf1b5 e6
5.Ng1f3 Ng8e7
6.O-O a6
7.Bb5a4 b5
8.Ba4b3 { draw }
1/2-1/2

[Event "Tourn. n9644"]
[Site "www.chess-mail.com"]
[Date "2017.12.26"]
[Round "1"]
[White "Pangloss"]
[Black "Jackbauer"]
[WhiteElo "1809"]
[BlackElo "1830"]
[Result "1-0"]
[Round "1"]
1.e4 c5
2.d4 cxd4
3.c3 dxc3
4.Nb1xc3 e5
5.Ng1f3 Ng8f6
6.Bf1c4 Qd8c7
7.Bc4b3 Bf8b4
8.O-O Bb4xc3
9.bxc3 O-O
10.Bc1a3 Rf8e8
11.Ba3d6 Qc7c6
12.Nf3xe5 Qc6xc3
13.Bb3xf7 Kh8
14.Bf7xe8 Nf6xe8
15.Ra1c1 Qc3xc1
16.Ne5f7 Kg8
17.Qd1xc1 Nb8c6
18.Qc1c4 { resign }
1-0

[Event "Tourn. n9589"]
[Site "www.chess-mail.com"]
[Date "2017.12.26"]
[Round "1"]
[White "Falcoale"]
[Black "Amaya"]
[WhiteElo "2020"]
[BlackElo "2120"]
[Result "0-1"]
[Round "1"]
1.e4 e6
2.d4 d5
3.e5 c5
4.Ng1f3 Nb8c6
5.Bc1e3 cxd4
6.Be3xd4 Qd8c7
7.Nb1c3 Bf8b4
8.a3 Bb4a5
9.Bf1d3 Ba5b6
10.Nc3e2 Bb6xd4
11.Ne2xd4 Nc6xe5
12.O-O Ng8e7
13.Nf3xe5 Qc7xe5
14.Nd4b5 O-O
15.c3 b6
16.Rf1e1 Qe5g5
17.Re1e3 Ne7f5
18.Bd3xf5 Qg5xf5
19.Re3f3 Qf5g5
20.Qd1d4 g6
21.Qd4d1 Qg5d8
22.Rf3g3 Bc8d7
23.Nb5d4 a6
24.Qd1d2 e5
25.Nd4c2 Bd7c6
26.Nc2b4 Bc6b7
27.Ra1d1 b5
28.Nb4xd5 Bb7xd5
29.Rg3d3 Qd8b6
30.Rd3xd5 Rf8e8
31.Qd2g5 e4
32.Rd5e5 Ra8d8
33.Rd1e1 Re8xe5
34.Qg5c1 Re5f5
35.Qc1c2 Rd8d3
36.Qc2e2 Rf5f4
37.Re1f1 Qb6d6
38.g3 Rd3d2
39.Qe2e3 Rf4g4
40.h3 Rd2d3
41.Qe3a7 Rd3xg3
{ resign }
0-1

[Event "Tourn. n9668"]
[Site "www.chess-mail.com"]
[Date "2017.12.26"]
[Round "1"]
[White "Nulladies"]
[Black "Falcoale"]
[WhiteElo "1890"]
[BlackElo "1870"]
[Result "1-0"]
[Round "1"]
1.d4 Ng8f6
2.Bc1f4 e6
3.e3 d5
4.Ng1f3 Nf6h5
5.Bf4g3 Nh5xg3
6.hxg3 Nb8c6
7.c3 Bf8d6
8.Bf1d3 O-O
9.Bd3xh7 Kh8
10.Bh7d3 Kg8
11.Nf3e5 Nc6xe5
12.dxe5 Bd6xe5
13.Qd1h5 f5
14.f4 Be5f6
15.g4 c5
16.g5 { resign }
1-0

[Event "Tourn. n9657"]
[Site "www.chess-mail.com"]
[Date "2017.12.26"]
[Round "1"]
[White "Falcoale"]
[Black "Caspito"]
[WhiteElo "1870"]
[BlackElo "1890"]
[Result "0-1"]
[Round "1"]
1.e4 e5
2.Ng1f3 Nb8c6
3.d4 d6
4.dxe5 Bc8g4
5.h3 Bg4xf3
6.gxf3 dxe5
7.Bf1d3 Bf8c5
8.Bc1e3 Bc5xe3
9.fxe3 Qd8h4
10.Ke2 O-O-O
11.Qd1f1 Nc6b4
12.a3 Nb4xd3
13.cxd3 Ng8f6
14.Nb1d2 Nf6h5
15.Rh1g1 Nh5g3
16.Rg1xg3 Qh4xg3
17.Ra1c1 g6
18.Qf1h1 g5
19.Rc1g1 Qg3h4
20.Rg1g4 Qh4h6
21.Nd2c4 f6
22.h4 Rh8g8
23.Nc4d2 Qh6g7
24.hxg5 fxg5
25.Nd2f1 h6
26.Nf1g3 Qg7f6
27.Ng3f5 Rd8d7
28.Nf5g3 Qf6a6
29.Ng3f5 Qa6xd3
30.Kf2 Qd3c2
31.Kg3 h5
32.Qh1xh5 Qc2c1
33.Rg4xg5 Qc1g1
34.Kh4 Qg1h2
35.Kg4 Qh2g1
36.Nf5g3 Rd7g7
37.Rg5xg7 Rg8xg7
38.Kf5 Kd7
39.Qh5h6 Qg1xg3
40.Qh6e6 Kd8
41.Qe6f6 Rg7e7
42.Qf6f8 Kd7
{ resign }
0-1

[Event "Tourn. n9640"]
[Site "www.chess-mail.com"]
[Date "2017.12.26"]
[Round "1"]
[White "Apdash"]
[Black "Vios"]
[WhiteElo "2240"]
[BlackElo "2250"]
[Result "0-1"]
[Round "1"]
1.e4 c5
2.Ng1f3 d6
3.d4 cxd4
4.Nf3xd4 Ng8f6
5.Nb1c3 g6
6.Bf1c4 Bf8g7
7.O-O O-O
8.f3 Nb8c6
9.Bc1e3 Bc8d7
10.Qd1d2 Ra8c8
11.Bc4b3 Nc6e5
12.Nc3d5 Nf6xd5
13.Bb3xd5 b5
14.c3 e6
15.Bd5b3 a5
16.f4 Ne5c4
17.Qd2f2 Nc4xe3
18.Qf2xe3 a4
19.Bb3d1 b4
20.Kh1 a3
21.bxa3 Rc8xc3
22.Qe3f2 Rc3c4
23.Nd4xe6 Bd7xe6
24.f5 Bg7xa1
25.Bd1b3 Rc4xe4
26.Rf1xa1 Be6xb3
27.axb3 Qd8f6
28.a4 Qf6xa1
{ resign }
0-1

[Event "Tourn. n9377"]
[Site "www.chess-mail.com"]
[Date "2017.12.26"]
[Round "1"]
[White "Seger"]
[Black "Conde7"]
[WhiteElo "2650"]
[BlackElo "2890"]
[Result "1/2-1/2"]
[Round "1"]
1.Ng1f3 Ng8f6
2.c4 e6
3.d4 Bf8b4
4.Nb1d2 O-O
5.a3 Bb4e7
6.e4 d5
7.e5 Nf6d7
8.b4 a5
9.Ra1b1 axb4
10.axb4 dxc4
11.Nd2xc4 Nb8c6
12.b5 Nc6b4
13.Bc1d2 Nb4d5
14.Bf1d3 c5
15.O-O b6
16.Qd1c2 g6
17.Bd2h6 Rf8e8
18.dxc5 Nd7xc5
19.Rf1d1 Bc8b7
20.Bd3f1 Qd8c7
21.h3 Re8c8
22.Rd1c1 Qc7d8
23.Nf3h2 Be7f8
24.Bh6xf8 Qd8xf8
25.Qc2d2 Rc8d8
26.Qd2e1 h5
27.Nh2f3 Nd5f4
28.Nc4xb6 Ra8a3
29.Qe1b4 Nc5d3
30.Qb4xf8 Kxf8
31.Rc1c7 Bb7xf3
32.Nb6c4 Ra3c3
33.b6 Bf3d5
34.Nc4e3 Nd3c5
35.Rb1b5 Nc5e4
36.Rb5b4 g5
37.Rb4xe4 Rc3xc7
38.bxc7 Rd8c8
39.Re4b4 Rc8xc7
40.h4 Nf4g6
41.hxg5 Ng6xe5
42.Bf1e2 Rc7c1
43.Kh2 h4
44.Rb4xh4 Bd5c6
45.Rh4h8 Ke7
46.Rh8c8 Rc1a1
47.Be2d1 Ra1a3
48.Ne3c4 Ne5xc4
49.Rc8xc6 Ra3a1
50.Rc6c7 Kd6
51.Rc7xc4 Ra1xd1
52.Rc4f4 Ke7
53.Kg3 Rd1d2
54.Kg4 Rd2d8
55.Rf4f6 Kf8
56.g6 Kg7
57.Rf6xf7 Kxg6
58.Rf7f4 Rd8a8
59.Rf4e4 Kf6
60.f4 Ra8a1
61.Re4e3 Ra1f1
62.Re3e2 Rf1a1
63.Re2e3 Ra1b1
64.Kf3 Rb1b5
65.g3 Rb5a5
66.Re3c3 Ra5a6
67.Rc3e3 Ra6a5
68.Re3e4 Ra5b5
69.Kg4 Rb5b3
70.Kh4 Rb3b1
71.g4 Rb1h1
72.Kg3 { draw }
1/2-1/2

[Event "Tourn. n9620"]
[Site "www.chess-mail.com"]
[Date "2017.12.26"]
[Round "1"]
[White "Gidi5"]
[Black "Numanoid"]
[WhiteElo "2310"]
[BlackElo "2380"]
[Result "0-1"]
[Round "1"]
1.e4 Nb8c6
2.d4 d5
3.e5 Bc8f5
4.c3 e6
5.Bf1d3 Ng8e7
6.Ng1f3 Qd8d7
7.O-O Bf5xd3
8.Qd1xd3 O-O-O
9.a4 f6
10.Rf1e1 Ne7g6
11.h4 fxe5
12.dxe5 Bf8e7
13.h5 Ng6h4
14.Nf3g5 Rd8f8
15.Nb1a3 h6
16.Ng5h3 Rf8f5
17.Bc1f4 g5
18.Bf4g3 Rh8f8
19.Na3b5 g4
20.Nh3f4 Rf5xf4
21.Bg3xf4 Rf8xf4
22.Qd3g3 Be7g5
23.Qg3d3 Qd7f7
24.Re1e2 Nh4f5
25.b4 Qf7xh5
26.Nb5a3 Rf4f3
27.gxf3 gxf3
28.Re2a2 Qh5g4
29.Kf1 Qg4g2
30.Ke1 Qg2g1
31.Qd3f1 Qg1g4
32.Qf1b5 Qg4e4
33.Kd1 a6
34.Qb5f1 Nc6xe5
35.Ra2c2 Ne5g4
{ resign }
0-1

[Event "Tourn. n9627"]
[Site "www.chess-mail.com"]
[Date "2017.12.26"]
[Round "1"]
[White "Sahlapalat"]
[Black "Caroluigi"]
[WhiteElo "1869"]
[BlackElo "1449"]
[Result "1-0"]
[Round "1"]
1.d4 Ng8f6
2.c4 e6
3.Nb1c3 d5
4.cxd5 exd5
5.Bc1g5 Bf8e7
6.e3 O-O
7.Bf1d3 Bc8e6
8.Ng1e2 c6
9.O-O Be7d6
10.Bg5f4 Rf8e8
11.Ra1b1 Nf6h5
12.Bf4xd6 Qd8xd6
13.b4 Nb8d7
14.Qd1c2 g6
15.Rf1c1 Nd7f6
16.b5  { time }
1-0

[Event "Tourn. n9616"]
[Site "www.chess-mail.com"]
[Date "2017.12.26"]
[Round "1"]
[White "Vios"]
[Black "Liencam2"]
[WhiteElo "2210"]
[BlackElo "2270"]
[Result "1-0"]
[Round "1"]
1.d4 Ng8f6
2.Ng1f3 g6
3.c4 d6
4.Nb1c3 Bc8f5
5.Nf3g5 Bf8g7
6.e4 Bf5g4
7.f3 Bg4d7
8.f4 e5
9.dxe5 dxe5
10.fxe5 Nf6g4
11.e6 Bd7xe6
12.Qd1xd8 Kxd8
13.Bf1e2 Ng4e5
14.O-O Nb8d7
15.Nc3d5 h6
16.Ng5xe6 fxe6
17.Nd5f4 Ke7
18.Bc1e3 c5
19.Ra1d1 b6
20.a3 Nd7f6
21.b4 Nf6xe4
22.Be2f3 Ne5xf3
23.Rf1xf3 Rh8d8
24.Nf4xg6 Ke8
25.Rd1e1 Ne4g5
26.Be3xg5 hxg5
27.Re1xe6 Kd7
28.Re6e7 Kc6
29.b5 { resign }
1-0

[Event "Tourn. n9509"]
[Site "www.chess-mail.com"]
[Date "2017.12.26"]
[Round "1"]
[White "Szustan"]
[Black "Stepanpech"]
[WhiteElo "2530"]
[BlackElo "2590"]
[Result "1/2-1/2"]
[Round "1"]
1.e4 c5
2.c3 Ng8f6
3.e5 Nf6d5
4.d4 cxd4
5.Ng1f3 Nb8c6
6.Bf1c4 Nd5b6
7.Bc4b3 d5
8.exd6 Qd8xd6
9.O-O Bc8e6
10.Bb3xe6 Qd6xe6
11.Nf3xd4 Nc6xd4
12.Qd1xd4 Ra8d8
13.Qd4b4 Qe6c6
14.Nb1d2 e5
15.Qb4g4 g6
16.Rf1e1 f6
17.Nd2f3 Qc6c4
18.h3 Qc4xg4
19.hxg4 h6
20.Bc1e3 Nb6a4
21.Ra1b1 b6
22.Nf3d2 Kf7
23.Nd2e4 Na4c5
24.Ne4xc5 Bf8xc5
25.Be3xc5 bxc5
26.Re1e4 Rd8d7
27.Re4a4 Rh8c8
28.Kf1 Rc8c6
29.b3 c4
30.Ra4xc4 Rc6xc4
31.bxc4 Rd7c7
32.Rb1b4 a5
33.Rb4a4 Rc7c5
34.Ke2 { draw }
1/2-1/2

[Event "Tourn. n9412"]
[Site "www.chess-mail.com"]
[Date "2017.12.26"]
[Round "1"]
[White "Szustan"]
[Black "Jaroslavpech"]
[WhiteElo "2550"]
[BlackElo "2300"]
[Result "1/2-1/2"]
[Round "1"]
1.e4 e5
2.Ng1f3 Nb8c6
3.Nb1c3 Ng8f6
4.d4 exd4
5.Nc3d5 Bf8e7
6.Bf1c4 O-O
7.O-O d6
8.Nf3xd4 Nf6xd5
9.Bc4xd5 Nc6xd4
10.Qd1xd4 a5
11.c3 a4
12.a3 c6
13.Bd5a2 Be7f6
14.Qd4d3 Rf8e8
15.Ba2b1 g6
16.Bc1f4 Bf6e5
17.Bf4e3 Bc8e6
18.f4 Be5g7
19.Be3d4 b5
20.Qd3g3 Be6c4
21.Rf1d1 Bc4b3
22.Rd1d2 Bg7xd4
23.cxd4 Ra8c8
24.Bb1d3 Qd8b6
25.Qg3f2 b4
26.f5 bxa3
27.bxa3 c5
28.Ra1f1 Rc8c7
29.Qf2e3 c4
30.f6 Re8e6
31.Bd3c2 c3
32.Rd2f2 Bb3xc2
33.Rf2xc2 h5
34.h3 Kh7
35.Kh2 Qb6b3
36.Rf1c1 Re6xf6
37.Rc2xc3 Rc7xc3
38.Rc1xc3 Qb3b2
39.Kg1 Rf6e6
40.Rc3c7 Kg7
41.d5 Qb2a1
42.Kh2 Re6f6
43.Rc7c4 Rf6f1
44.Qe3d4 Qa1xd4
45.Rc4xd4 Kf6
46.Rd4xa4 Ke5
47.Ra4b4 Rf1f4
48.a4 Rf4xe4
49.Rb4b7 f5
50.a5 Re4a4
51.Rb7g7 Ra4xa5
52.Rg7xg6 h4
53.Rg6h6 Ra5a4
54.g4 { draw }
1/2-1/2

[Event "Tourn. n9657"]
[Site "www.chess-mail.com"]
[Date "2017.12.26"]
[Round "1"]
[White "Caspito"]
[Black "Aljekiene"]
[WhiteElo "1860"]
[BlackElo "1799"]
[Result "0-1"]
[Round "1"]
1.e4 c5
2.b3 Nb8c6
3.Bc1b2 d6
4.Bf1b5 e5
5.Ng1f3 Bf8e7
6.O-O Ng8f6
7.d3 O-O
8.Bb5xc6 bxc6
9.Nb1d2 g6
10.Nd2c4 Nf6h5
11.Bb2c3 f5
12.Nc4a5 Qd8e8
13.Bc3d2 fxe4
14.dxe4 Bc8g4
15.Bd2h6 Bg4xf3
16.gxf3 Rf8f4
17.Bh6xf4 Nh5xf4
18.Kh1 Nf4h3
19.Na5c4 Qe8f7
20.Nc4e3 Ra8f8
21.Kg2 Nh3g5
22.Ne3g4 Kg7
23.Rf1h1 h5
24.Ng4e3 Ng5xf3
25.Ne3f1 Nf3h4
26.Kh3 Qf7xf2
27.Nf1e3 Qf2xe3
{ resign }
0-1